| Поле | Инд. | ПП | Название | Значение |
|---|---|---|---|---|
| Тип записи | a | |||
| Библиографический уровень | a | |||
| 001 | Контрольный номер | 99ab12a3488343f281e8087009dce0ae | ||
| 005 | Дата корректировки | 20181129122722.2 | ||
| 040 | a | Служба первич. каталог. | НБ ТвГУ | |
| b | Код языка каталог. | rus | ||
| e | Правила каталог. | PSBO | ||
| 041 | 0_ | a | Код языка текста | rus |
| 097 | b | Оператор | korjnina | |
| 100 | 1_ | a | Автор | Харламова Наталья Владимировна |
| q | Полное имя | Харламова Н. В. | ||
| 245 | 10 | a | Заглавие | Демографическая и социально-патологическая характеристика качества населения городского округа город Воронеж |
| c | Ответственность | науч. рук. З. В. Пономарева | ||
| 260 | a | Место издания | Тверь | |
| b | Издательство | Тверской государственный университет | ||
| 504 | a | Библиография | Библиогр.: с. 191 (4 назв.) | |
| 653 | 0_ | a | Ключевые слова | Демография |
| a | Ключевые слова | Воронеж, город | ||
| a | Ключевые слова | Социально-политическая жизнь | ||
| a | Ключевые слова | Социальная патология | ||
| a | Ключевые слова | Наркомания | ||
| a | Ключевые слова | Алкоголизм | ||
| a | Ключевые слова | Молодежь | ||
| 700 | 12 | a | Другие авторы | Пономарева Зинаида Васильевна |
| e | Роль лиц | науч. рук. | ||
| q | Полное имя | Порномарева З. В. | ||
| 773 | 18 | w | Контрольный № источника | 6e039841410f407cb1279a51f0ddc48b |
| t | Название источника | География, экология, туризм: научный поиск студентов и аспирантов | ||
| d | Место и дата издания | Тверь : Тверской государственный университет, 2016 | ||
| g | Прочая информация | С. 188-191 | ||
| 901 | t | Тип документа | a | |
| 920 | a | Оператор | Корж |